Sufism (Record no. 19815)
[ view plain ]
| 000 -LEADER | |
|---|---|
| fixed length control field | 00303nam a22001337a 4500 |
| 020 ## - INTERNATIONAL STANDARD BOOK NUMBER | |
| ISBN | 8174351426 |
| 082 ## - DEWEY DECIMAL CLASSIFICATION NUMBER | |
| Classification number | 297.4 STO |
| 100 ## - MAIN ENTRY--AUTHOR NAME | |
| Author name | Stoddart W |
| -- | R.A. Nicholson |
| 245 ## - TITLE STATEMENT | |
| Title | Sufism |
| 260 ## - PUBLICATION, DISTRIBUTION, ETC. (IMPRINT) | |
| Place of publication | New Delhi |
| Name of publisher | Adam Publishers & Distributors |
| Year of publication | 2011 |
| 300 ## - PHYSICAL DESCRIPTION | |
| Number of Pages | 165 P |
| 650 ## - SUBJECT ADDED ENTRY--TOPICAL TERM | |
| Topical Term | Sufism |
| 942 ## - ADDED ENTRY ELEMENTS (KOHA) | |
| Koha item type | Books |
| Home library | Current library | Shelving location | Date acquired | Source of acquisition | Cost, normal purchase price | Full call number | Accession Number | Koha item type |
|---|---|---|---|---|---|---|---|---|
| Henry Martyn Institute Library | Henry Martyn Institute Library | General stacks | 10/27/2015 | Huda Book Distribution Hyderabad | 180.00 | 297.4 STO | 24959 | General Stack Book |
